LEADER 01125nam--2200385---450- 001 990002987580203316 005 20080520122559.0 035 $a000298758 035 $aUSA01000298758 035 $a(ALEPH)000298758USA01 035 $a000298758 100 $a20071012d1961----km-y0itay50------ba 101 $aita 102 $aIT 105 $a||||||||001yy 200 1 $aAlfonso Carafa$ecardinale di Napoli$e(1540-1565)$fRomeo De Maio 210 $aCittą del Vaticano$cBiblioteca Apostolica Vaticana$d1961 215 $a347 p.$c1. ritr.$d1961 225 2 $aStudi e testi$v210 410 0$12001$aStudi e testi$v210 454 1$12001 461 1$1001-------$12001 600 0 $aCarafa,$xAlfonso $z1540-1565 676 $a274 700 1$aDE MAIO,$bRomeo$08968 801 0$aIT$bsalbc$gISBD 912 $a990002987580203316 951 $aFC M 661$b1086 FC$cFC M 959 $aBK 969 $aDILAM 979 $aDILAM$b90$c20071012$lUSA01$h0952 979 $aDILAM1$b90$c20080520$lUSA01$h1225 979 $aCHIARA$b90$c20151217$lUSA01$h1429 996 $aAlfonso Carafa$91028042 997 $aUNISA LEADER 01618nam 2200373 n 450 001 9910688472703321 005 20230627110039.0 035 $a(CKB)5400000000045145 035 $a(NjHacI)995400000000045145 035 $a(Perlego)2025789 035 $a(EXLCZ)995400000000045145 100 $a20230627d2020 uy 0 101 0 $aeng 135 $aur||||||||||| 181 $ctxt$2rdacontent 182 $cc$2rdamedia 183 $acr$2rdacarrier 200 00$aHerbs and Spices /$fedited by Muhammad Akram, Rabia Shabir Ahmad 210 1$aLondon, England :$cIntechOpen,$d2020. 215 $a1 online resource (112 pages) 311 08$a9781839629372 311 08$a1839629371 330 $aThis edited volume, "Herbs and Spices", is a collection of reviewed and relevant research chapters, offering a comprehensive overview of recent developments in the field of agricultural and biological sciences. The book comprises single chapters authored by various researchers and edited by an expert active in the medical research area. All chapters are complete in itself but united under a common research study topic. This publication aims at providing a thorough overview of the latest research efforts by international authors on herbs and spices, and opening new possible research paths for further novel developments. 606 $aSpices 615 0$aSpices. 676 $a641.3383 702 $aAhmad$b Rabia Shabir 702 $aAkram$b Muhammad 801 0$bNjHacI 801 1$bNjHacl 906 $aBOOK 912 $a9910688472703321 996 $aHerbs and Spices$92288069 997 $aUNINA